Histoire de l'Aisne - Statistiques

Statistiques générales
  • Ce quiz a été pris 19 fois
  • Le résultat moyen est 11 sur 30
Statistiques - réponses
Question Réponse % Correct
En 1814, Napoléon est battu à Laon
94%
En 1917, s'y déroule la bataille du Chemin des Dames
88%
Le département est formé essentiellement à partir de territoires des provinces de {Picardie}
82%
Depuis 2016 l'Aisne appartient à la région Hauts-de-France
82%
Jusqu'en 2016 l'Aisne appartient à la région Picardie
82%
La capitale de la région actuelle à laquelle appartient l'Aisne est Lille
71%
Ces villes sont fondées par les Romains Soissons
71%
Au IVe siècle est créé le diocèse de Soissons
71%
En 1539, François 1er promulgue une ordonnance essentielle à Villers-Cotterêts
71%
En 752, il est couronné à Soissons Pépin le bref
59%
Presque tous les peuples de l'Aisne actuelle se joignent en -52 à ce chef gaulois Vercingétorix
59%
Le département est créé en 1790
47%
L'Aisne devient une partie de la Gaule Belgique
35%
Le département est formé essentiellement à partir de territoires des provinces de {Champagne}
35%
En 771, à Samoussy, Charlemagne est reconnu seul monarque des Francs après la mort de Carloman
24%
Les Germains attaquent l'Aisne actuelle à partir de la fin du {IIe} siècle
24%
Le premier peuplement est attesté au {paléolithique}
24%
Le dernier représentant de Rome est défait à Soissons en 496
12%
Le département est formé essentiellement à partir de territoires des provinces d'{Ile-de-France}
12%
Pendant la 2e guerre mondiale, le nord du département est rattaché à la zone Interdite
12%
Les peuples qui se partagent la région à l'époque gauloise sont les Rèmes
6%
Au retour de la paix, le département est classé en zone² rouge
6%
Les peuples qui se partagent la région à l'époque gauloise sont les Suessions
6%
Au IVe siècle est créé le diocèse de Vermand
6%
Il existait un oppidum gaulois près de Laon nommé Bibrax
0%
En 1544, un traité de paix est signé entre Charles-Quint et François 1er à Crépy-en-Laonnois
0%
A partir du IIIe siècle l'Aisne fait partie de la Belgique {Seconde}
0%
A partir du IIIe siècle l'Aisne fait partie du diocèse des {Gaules}
0%
Ce site regorge d'outils préhistoriques, ce sont les gravières de {Vailly}
0%
Les peuples qui se partagent la région à l'époque gauloise sont les Viromanduens
0%
Aucun quiz correspondant
Distribution des résultats
% des personnes avec chaque résultat
Percentile par nombre de réponses
Votre historique - résultats
Vous n’avez pas pris ce quiz